000
00232nam a2200097Ia 4500
001
974967
005
20250826220639.0
008
250824s9999 xx 000 0 und d
245
0
_a
YÜZLEŞME
_c
UĞUR KOŞAR
260
_b
DESTEK YAYINLARI
999
_c
974967
_d
974967